000 00967cam a22002891 4500
001 29616
003 BD-RjUL
005 20211209051432.0
008 140406s1939 mau b 001 0 eng d
035 _a(BD-RjUL) 29701
035 _a(OCoLC)265352
040 _aDLC
_cODaWU
_dOCoLC
_dNBrockU
_dNjSoVA
_dDLC
_dBD-RjUL
_beng
041 _aeng
082 0 0 _a136.76
_bROC 1939
100 1 _aRogers, Carl R.
_q(Carl Ransom),
_d1902-1987.
_988248
245 1 4 _aThe clinical treatment of the problem child /
_cby Carl R. Rogers.
260 _aBoston ;
_aNew York :
_bHoughton Mifflin company,
_cc1939.
300 _axiii, 393 p. ;
_c23 cm.
500 _a"Under the editorship of Leonard Carmichael."
504 _aBibliography at end of most chapters. and Index
650 0 _aPsychology, Pathological.
_990244
650 0 _aExceptional children.
_916763
650 0 _aJuvenile delinquency.
_990245
942 _2ddc
_cBK
999 _c29616
_d29616